| 000 | 00000nas 2200000zi 4500 |
| 001 | 9.922252 |
| 003 | CaOODSP |
| 005 | 20230510135244 |
| 006 | m o d f |
| 007 | cr ||||||||||| |
| 008 | 230504d19881996oncuu p or f0###b0fre|d |
| 040 | |aCaOODSP|bfre|erda|cCaOODSP |
| 043 | |an-cn--- |
| 086 | 1 |aC12-49F-PDF |
| 245 | 00|aRépertoire de produits de fabrication canadienne. |
| 264 | 1|aOttawa (Ontairo) : |bRéseau d'approvisionnement et de débouchés d'affaires, |c1988-1996. |
| 336 | |atexte|btxt|2rdacontent/fre |
| 337 | |ainformatique|bc|2rdamedia/fre |
| 338 | |aressource en ligne|bcr|2rdacarrier/fre |
| 362 | 1 |aParaî depuis février 1988, ne paraît plus après 1996. |
| 500 | |aPublié aussi en anglais sous le titre : Directory of Canadian made products. |
| 500 | |aÉdition numérisée de l'imprimé [par Innovation, Sciences et Développement économique Canada]. |
| 550 | |aPublié par : Réseau d'approvisionnement et de débouchés d'affaires, Direction des opérations de marché, Direction générale du développement des marchés, Ministère de l'expansion industrielle régionale (1988); Réseau d'approvisionnement et de débouchés d'affaires, Services à l'entreprise, Industrie, Sciences et technologie Canada (1989-1993); Réseau d'approvisionnement et de débouchés d'affaires, Services à l'entreprise, Industrie Canada (1994); Réseau d'approvisionnement et de débouchés d'affaires, Direction de l'information stratégique, Industrie Canada (1995-1996). |
| 650 | 6|aProduits commerciaux|zCanada|vRépertoires. |
| 650 | 6|aProduits commerciaux|zCanada|xRépertoires. |
| 655 | 7|aRépertoires|2rvmgf |
| 710 | 1 |aCanada. |bMinistère de l'expansion industrielle régionale, |eOrganisme de publication. |
| 710 | 1 |aCanada. |bIndustrie, sciences et technologie Canada, |eorganisme de publication. |
| 710 | 1 |aCanada. |bIndustrie Canada, |eorganisme de publication. |
| 710 | 2 |aRéseau d'approvisionnement et de débouchés d'affaires (Canada), |eorganisme de publication. |
| 775 | 08|tDirectory of Canadian made products.|w(CaOODSP)9.922253 |